书目信息 |
| 题名: |
张大千艺术圈
|
|
| 作者: | 包立民 著 | |
| 分册: | ||
| 出版信息: | 北京 中国文联出版公司 1999.1 |
|
| 页数: | 344页 | |
| 开本: | 32开 | |
| 丛书名: | ||
| 单 册: | ||
| 中图分类: | K825.72=7 | |
| 科图分类: | ||
| 主题词: | 人物--传记--中国 | |
| 电子资源: | ||
| ISBN: | 7-5059-3226-8 | |
| 000 | 00579nam0 2200205 45 | |
| 001 | 0102280920 | |
| 005 | 20031219104048.8 | |
| 010 | @a7-5059-3226-8@dCNY20.00 | |
| 100 | @a20010228d1999 km y0chiy0120 ea | |
| 101 | 0 | @achi |
| 105 | @a z 000yy | |
| 200 | 1 | @a张大千艺术圈@AZhang Da Qian Yi Shu Quan@f包立民著@FBao Li Min Zhu |
| 205 | @b增订版 | |
| 210 | @a北京@c中国文联出版公司@d1999.1 | |
| 215 | @a344页@c冠图@d32开 | |
| 606 | 0 | @a人物@x传记@y中国 |
| 690 | @aK825.72=7@v1 | |
| 701 | 0 | @a包立民@4著 |
| 801 | @aCN@bTSTC@c20010319 | |
| 905 | @b295111-115@dK825.72=7@e299=2@f5 | |
| 张大千艺术圈/包立民著.-增订版.-北京:中国文联出版公司,1999.1 |
| 344页:冠图;32开 |
| ISBN 7-5059-3226-8:CNY20.00 |
| ● |
| 相关链接 |
|
|
|
|
正题名:张大千艺术圈
索取号:K825.72=7/299=2
 
预约/预借
| 序号 | 登录号 | 条形码 | 馆藏地/架位号 | 状态 | 备注 |
| 1 | 0295111 | 002951112 | 第二借阅区/ [索取号:K825.72=7/299=2] | 在馆 | |
| 2 | 0295112 | 002951121 | 第二借阅区/ [索取号:K825.72=7/299=2] | 在馆 | |
| 3 | 0295113 | 002951130 | 第二借阅区/ [索取号:K825.72=7/299=2] | 在馆 | |
| 4 | 0295114 | 002951149 | 第二借阅区/ [索取号:K825.72=7/299=2] | 在馆 | |
| 5 | 0295115 | 002951158 | 第二样本阅览室/ [索取号:K825.72=7/299=2] | 在馆 |